000 00786nam a2200265 i 4500
001 bg
100 1 _aOsiński, Zbigniew
_d(1926-2001)
245 1 0 _aPodstawy konstrukcji maszyn /
_cZbigniew Osiński, Wiesław Bajon, Tadeusz Szucki.
250 _aWyd. 4 zm.
260 _aWarszawa :
_bPaństwowe Wydawnictwo Naukowe,
_c1986.
300 _a546 s. :
_b1 fot., rys., wykr. ;
_c24 cm.
504 _aBibliogr. i wykazy norm przy rozdz.
650 9 _aMaszyny
_xbudowa i konstrukcje
655 _aPodręczniki akademickie
700 1 _aBajon, Wiesław.
700 1 _aSzucki, Tadeusz.
020 _a8301062975
040 _cBPK
041 0 _apl
080 _a621.01
080 _a(075.8)
920 _a83-01-06297-5
942 _cKS
008 s pl f |000 0 pol
999 _c33031
_d33031
856 _uhttp://koha.tu.koszalin.pl/cgi-bin/koha/opac-detail.pl?biblionumber=33031
_yKatalog online BPK